Statistiche per Città e Regioni - Quiz n°5

Clicka qui per fare il quiz!

Statistiche generali

  • Questo quiz è stato fatto 31 volte
  • Il punteggio medio è 8 su 10

Statistiche sulle risposte

HintRisposta% Corretto
BeneventoCampania
86%
PordenoneFriuli-Venezia Giulia
86%
ViareggioToscana
86%
MassaToscana
86%
BellunoVeneto
86%
CiampinoLazio
82%
AnzioLazio
77%
PorticiCampania
68%
GaetaLazio
68%
AvezzanoAbruzzo
50%

Distribuzione punteggi

Percentile per numero di risposta

Percentuale di utenti per punteggio

I tuoi punteggi nel tempo

Non hai fatto questo quiz